000 00550nam a22001937a 4500
003 OSt
005 20180514124455.0
008 180514b xxu||||| |||| 00| 0 eng d
020 _a97880521696890
040 _cDDC.
082 _a587.3BIO 2008
100 _aEdited by Ranker,A.Tom;Haufler,H.Christopher;
_912650
245 _aBiology and evolution of Ferns and Lycophytes;
260 _aUSA,
_bCambridge university Press;
_c2008.
300 _axix,480p;
_bill;
_c25cm.
504 _aincludes index
650 _aBiology.
_95602
942 _2ddc
_cSLOAN
999 _c6109
_d6109